000
00321 a2200109 4500
001
ART_12051
005
20260410161902.0
008
260409a
245
1
0
_a
Exact and superlative index numbers
100
1
_a
Diewert, W. E.
773
0
_t
Journal of econometrics
_g
- Vol. 4, NÂș 2 (may. 1976)
_w
REV11720
999
_c
26056
_d
26056